000 00663nam a2200265Ia 4500
003 OSt
005 20220912153111.0
006 a|||||r|||| 00| 0
007 ta
008 220909b |||||||| |||| 00| 0 eng d
024 _a21292
037 _cTextual
040 _aCSL
_beng
_cCSL
041 _aeng
082 _aY33:7:7z7, M0;2
100 _aPress Irwin
245 0 _aUrban place and process
260 _c1980
300 _ap.
_ccm.
650 _a Cities and Towns
650 _aUrban anthroology
700 _a Smith M Estellie
942 _hY33:7:7z7, M0;2
_cTEXL
_2CC
999 _c98028
_d98028